00837 a2200217 4500010001400000020002400014035001300038037001800051082001300069090001500082245011000097260004500207270008900252300002600341500004000367700001900407700001300426942002800439999001500467952013700482 aENG-85779 a01956811326c595.00 aEN-69312 bD.B.Act / PUB14a333.9116 c3520d35201 aManaging water resourcesbpolicies, institutions and technologiescedited by V. Ratna and S. Mahendra Dev aNew DelhibOxford University Pressc2006 aYMCA Library Building, Jai Singh Road,bNew Delhi, Akshaya PrakashancDelhie110 001 axix, 331p.c22cm (Hb) aIncludes bibliographical references aReddy, V Ratna aMahen, S adplcENk333.9116 / MAN c3453d3453 00102ddc40718NFICaDBADbDBADeDBAD/PUBg595.00l0o333.9116 MANpEN-69312r2008-09-15 00:00:00t1u3679v595.00w2008-09-15yEN